Score 0/15 Timer 02:00
2 Plays Today
Hint Clue % Correct
InjureHURT
95.4%
____ canal (dental procedure)ROOT
95.3%
Black stuff on a chimney sweepSOOT
95.1%
Melissa Joan ____HART
94%
Word before Worth or LauderdaleFORT
93.6%
Nasal discharge, informallySNOT
92.5%
Agricultural settingFARM
92.3%
InjureHARM
90.1%
Hint Clue % Correct
Tax documentFORM
88.7%
Pedicurist's concernFOOT
87%
French number between sept and neufHUIT
66.6%
Fit of angerSNIT
60.6%
With [rung 1] + [rung 15], 1997 swing song by Cherry Poppin' DaddiesSUIT
53%
With [rung 10] + [rung 15], 1997 swing song by Cherry Poppin' DaddiesZOOT
41.6%
With [rung 1] + [rung 10], 1997 swing song by Cherry Poppin' DaddiesRIOT
36.2%

Today's Daily Dose

Missing Word
I Hardly Know Her!

Word Ladder
Sentence Ending

Quick Pick
Female Firsts

Get the Picture
Triathlon Sports

Remove Ads.
Support Sporcle.
Get the best of Sporcle when you Go Orange. This ad-free experience offers more features, more stats, and more fun while also helping to support Sporcle. Thank you for becoming a member.

You're not logged in!

Compare scores with friends on all Sporcle quizzes.
OR
Log In

Show Comments

Extras

Top Quizzes Today


Score Distribution

Your Account Isn't Verified!

In order to create a playlist on Sporcle, you need to verify the email address you used during registration. Go to your Sporcle Settings to finish the process.

Report this User

Report this user for behavior that violates our Community Guidelines.

Details: